| 000 | 00585nam a2200193 a 4500 | ||
|---|---|---|---|
| 001 | 3898 | ||
| 005 | 20140414132042.0 | ||
| 008 | 040128s19uu xx 00 eng d | ||
| 020 | _a971-8634-18-5 | ||
| 050 |
_aBB _bW67 2002 |
||
| 100 | _aSantos, Nati | ||
| 245 | 0 |
_aWho's the king of the sky? / _cNati Santos ; illustrated by Ananias "Dondon" Grajo III. |
|
| 260 |
_aPhilippines : _bLittle big books, _c2002. |
||
| 300 | _a16 p. : ill. ; cm. | ||
| 440 | _aLittle Big Book Early Reading Series-Set 2 | ||
| 650 |
_aSkies _xFiction. |
||
| 650 | _aChildren stories. | ||
| 999 |
_c113888 _d113888 |
||